000 00505nam a2200181 i 4500
001 142142
003 ES-MaACL
005 20230906200444.0
007 t|
008 071003s1958 sp ||||1| spa d
080 _a894.541-31"19"
100 1 _aWaltari, Mika.
_9116000
245 1 3 _aEl etrusco /
_cMika Waltari ; [versión española de Antonio Ribera].
260 _aBarcelona :
_bÉxito,
_c[1958]
300 _a439 p. ;
_c20 cm.
700 1 _aRibera, Antonio.
_996769
852 _aES-MaACL
_jC-14509
999 _c142142
_d142142